01175nam a2200193 a 4500008004100000245017100041260004700212300003400259500014700293500027200440504005400712650003900766650003700805710003400842710007800876003000100954005001700955040000900972 00aAfrican biodiversity :bfoundation for the future : a framework for integrating biodiversity conservation and sustainable development /cBiodiversity Support Program. a[Washington, D.C.] :bThe Program,cc1993. axxi, 149 p. :bill. ;c28 cm. a"Report funded by Division of Food, Agriculture and Resources Analysis, Office of Analysis, Research and Technical Suport, Bureau for Africa." aTitle "is the principal product of the first phase of the Biodiversity Analysis for Aftica (BAA) Project, implemented by the Biodiversity Support Program (BSP) and funded by the Africa Bureau of the United States Agency for International Development (USAID)."--P. ix. aIncludes bibliographical references (p. 137-149). 0aBiodiversity conservationzAfrica. 0aSustainable developmentzAfrica.1 aBiodiversity Support Program.2 aUnited States.bAgency for International Development.bBureau for Africa.20230123134349.0 cNUST